[Event "Mechanics' Summer TNM; 30/90, SD/30"]
[Site "San Francisco"]
[Date "2009.06.16"]
[Round "4.13"]
[White "Farzaneh-Far, Ramin"]
[Black "Livschitz, Jennifer"]
[Result "1-0"]
[WhiteElo "1921"]
[BlackElo "1676"]
[PlyCount "99"]
[EventDate "2009.??.??"]

1. d4 d5 2. Nf3 Nf6 3. c4 e6 4. g3 Be7 5. Bg2 O-O 6. O-O dxc4 7. Qc2 Nbd7 8.
Qxc4 Nb6 9. Qc2 Bd7 10. Nc3 Bc6 11. Rd1 Nbd5 12. a3 Qd7 13. Ne5 Qe8 14. Nxc6
Qxc6 15. Qb3 Qb6 16. Qc4 Rad8 17. Na4 Qd6 18. Nc5 Qb6 19. e4 Nc3 20. bxc3 Bxc5
21. Bg5 Be7 22. e5 Nd5 23. Bxe7 Nxe7 24. Rab1 Qa6 25. Qxa6 bxa6 26. Rb7 Nd5 27.
Bxd5 Rxd5 28. Rxc7 Rb5 29. Rxa7 Rc8 30. Rxa6 h6 31. Rc1 Rb3 32. c4 Rd3 33. c5
Rxd4 34. c6 Rd5 35. f4 g5 36. c7 Rd7 37. Rac6 Kg7 38. R6c4 Kg6 39. R1c2 Rd5 40.
Kf2 Ra5 41. R2c3 Rd5 42. Ke3 Kf5 43. Rd3 Rxd3+ 44. Kxd3 Kg4 45. fxg5+ Kxg5 46.
a4 Kf5 47. Kd4 h5 48. a5 Kg4 49. Kc5+ Kf5 50. Kd6 1-0

[Event "Mechanics' Wilkerson Mem TNM; 30/90, SD"]
[Site "San Francisco"]
[Date "2009.08.04"]
[Round "2.13"]
[White "Farzaneh-Far, Ramin"]
[Black "Nelson, Christopher"]
[Result "1-0"]
[WhiteElo "1988"]
[BlackElo "1563"]
[PlyCount "49"]
[EventDate "2009.??.??"]

1. c4 f5 2. Nc3 Nf6 3. g3 e6 4. Bg2 Be7 5. d4 O-O 6. Nh3 Na6 7. O-O c5 8. d5
exd5 9. Nxd5 Nxd5 10. Qxd5+ Kh8 11. Bf4 Nb4 12. Qd2 Qb6 13. Rfd1 Bf6 14. a3 Nc6
15. Bd6 Re8 16. Qf4 Nd4 17. Bf3 Nxe2+ 18. Bxe2 Rxe2 19. Qxf5 Qd8 20. Nf4 Rxb2
21. Qh5 h6 22. Re1 Be5 23. Bxe5 Rb6 24. Rad1 d6 25. Qxh6+ 1-0

[Event "Mechanics' Wilkerson Mem TNM; 30/90, SD"]
[Site "San Francisco"]
[Date "2009.08.18"]
[Round "3.10"]
[White "Farzaneh-Far, Ramin"]
[Black "Newey, Richard"]
[Result "1-0"]
[WhiteElo "1988"]
[BlackElo "1692"]
[PlyCount "51"]
[EventDate "2009.??.??"]

1. e4 c5 2. Nf3 e6 3. d4 cxd4 4. c3 dxc3 5. Nxc3 Bb4 6. Bc4 Qc7 7. Bb3 Nf6 8.
O-O Bxc3 9. bxc3 Nxe4 10. Qd4 Nf6 11. Bf4 Qb6 12. Qd3 d5 13. c4 dxc4 14. Qxc4
O-O 15. Be3 Qa5 16. Rac1 Nc6 17. Bg5 Ne5 18. Nxe5 Qxe5 19. h4 Bd7 20. Rfe1 Qb5
21. Qd4 Nd5 22. Qg4 Kh8 23. Bc4 Qb4 24. Qh5 Rac8 25. Bd3 Rxc1 26. Qxh7# 1-0

[Event "Mechanics' Spring TNM; 30/90, SD/30"]
[Site "San Francisco"]
[Date "2009.04.07"]
[Round "4.15"]
[White "Farzaneh-Far, Ramin"]
[Black "Newey, Richard"]
[Result "1-0"]
[WhiteElo "1895"]
[BlackElo "1690"]
[PlyCount "41"]
[EventDate "2009.??.??"]

1. d4 d5 2. c4 dxc4 3. Nf3 Nf6 4. e3 a6 5. Bxc4 e6 6. O-O b5 7. Bb3 Bb7 8. a4
Nbd7 9. Qe2 b4 10. a5 Ra7 11. Nbd2 Qa8 12. Rd1 Bd6 13. Nc4 O-O 14. Nxd6 cxd6
15. Bd2 h6 16. Bc4 Nh7 17. Bxb4 Ng5 18. Nxg5 Bxg2 19. f3 Rc8 20. Kxg2 d5 21.
Bd3 1-0

[Event "Mechanics' Winter TNM; 30/90, SD/30"]
[Site "San Francisco"]
[Date "2009.01.27"]
[Round "4.8"]
[White "Farzaneh-Far, Ramin"]
[Black "Ramachandran, Jayakrishnan"]
[Result "1-0"]
[WhiteElo "1856"]
[BlackElo "1811"]
[PlyCount "68"]
[EventDate "2009.??.??"]

1. d4 Nf6 2. c4 e6 3. Nc3 d5 4. Bg5 Be7 5. e3 Nbd7 6. Nf3 O-O 7. Bd3 b6 8. O-O
Bb7 9. Qc2 h6 10. Bh4 a6 11. Rad1 dxc4 12. Bxc4 b5 13. Bd3 b4 14. Na4 Rc8 15.
Nc5 Nxc5 16. dxc5 Qe8 17. Ne5 c6 18. Bxf6 Bxf6 19. Nd7 Be7 20. Nxf8 Qxf8 21.
Rc1 Rd8 22. Be4 f5 23. Bf3 g5 24. Qc4 Qf7 25. Rfd1 g4 26. Rxd8+ Bxd8 27. Be2 a5
28. Rd1 Be7 29. Qd4 Bc8 30. Bc4 h5 31. Qd3 Qf6 32. g3 Kf8 33. Ba6 Bxa6 34. Qxa6
Bxc5 1-0

[Event "Mechanics' Wilkerson Mem TNM; 30/90, SD"]
[Site "San Francisco"]
[Date "2009.09.01"]
[Round "5.5"]
[White "Farzaneh-Far, Ramin"]
[Black "Sanguinetti, George"]
[Result "0-1"]
[WhiteElo "1988"]
[BlackElo "2003"]
[PlyCount "75"]
[EventDate "2009.??.??"]

1. d4 d5 2. Nf3 e6 3. e3 c6 4. Bd3 Nf6 5. O-O Be7 6. Nbd2 Nbd7 7. b3 O-O 8. Bb2
Re8 9. Ne5 Nxe5 10. dxe5 Nd7 11. Qh5 g6 12. Qg4 f5 13. exf6 Nxf6 14. Qe2 Nd7
15. c4 Bf6 16. Bxf6 Qxf6 17. e4 d4 18. f4 e5 19. fxe5 Qxe5 20. Nf3 Qg7 21. Qd2
c5 22. a3 b6 23. Rf2 Bb7 24. Raf1 Re7 25. Ng5 Rf8 26. Rxf8+ Nxf8 27. Qf4 h6 28.
Nh3 Nd7 29. Qd6 Ne5 30. Qd8+ Kh7 31. Nf4 Nxd3 32. Nxd3 Bxe4 33. Nf4 Rd7 34. Qc8
Bf5 35. Qc6 d3 36. Nd5 Qd4+ 37. Kh1 d2 38. Nf6+ 0-1

[Event "Mechanics' Winter TNM; 30/90, SD/30"]
[Site "San Francisco"]
[Date "2009.01.13"]
[Round "2.1"]
[White "Farzaneh-Far, Ramin"]
[Black "Shipman, Walter"]
[Result "0-1"]
[WhiteElo "1856"]
[BlackElo "2235"]
[PlyCount "116"]
[EventDate "2009.??.??"]

1. d4 d5 2. c4 e6 3. Nc3 c6 4. Nf3 Nf6 5. e3 Nbd7 6. Bd3 Bb4 7. O-O O-O 8. Qc2
Re8 9. a3 Ba5 10. b4 Bc7 11. e4 dxe4 12. Nxe4 Nxe4 13. Bxe4 h6 14. Bb2 e5 15.
Rad1 exd4 16. Rxd4 Qe7 17. Bh7+ Kh8 18. Re4 Qf8 19. Rxe8 Qxe8 20. Re1 Qd8 21.
Bd3 Nf8 22. Qc3 f6 23. h3 Be6 24. Bc2 Qd7 25. Rd1 Qf7 26. c5 Rd8 27. Rxd8 Bxd8
28. Qd3 Qd7 29. Qxd7 Bxd7 30. Kf1 Bc7 31. Ke2 Kg8 32. Nh4 Be6 33. Nf5 Kf7 34.
Ke3 Nd7 35. f4 h5 36. Nd4 Bd5 37. g4 hxg4 38. hxg4 g5 39. fxg5 fxg5 40. Nf5 Ne5
41. Bxe5 Bxe5 42. a4 Kf6 43. Bd1 Bc3 44. b5 Ke5 45. Nd6 Bd4+ 46. Kd3 cxb5 47.
axb5 Bxc5 48. Nc4+ Kf4 49. Na5 Bb6 50. Nc4 Bf3 51. Bxf3 Kxf3 52. Nxb6 axb6 53.
Kd2 Kxg4 54. Ke2 Kg3 55. Kf1 g4 56. Kg1 Kf3 57. Kf1 g3 58. Kg1 g2 0-1

[Event "Mechanics' Summer TNM; 30/90, SD/30"]
[Site "San Francisco"]
[Date "2009.06.02"]
[Round "2.1"]
[White "Farzaneh-Far, Ramin"]
[Black "Wong, Russell"]
[Result "0-1"]
[WhiteElo "1921"]
[BlackElo "2200"]
[PlyCount "72"]
[EventDate "2009.??.??"]

1. d4 Nf6 2. Nf3 c5 3. d5 d6 4. c4 e5 5. dxe6 fxe6 6. g3 Nc6 7. Bg2 Be7 8. O-O
O-O 9. Nc3 d5 10. Nd2 d4 11. Nce4 e5 12. Nxf6+ Rxf6 13. Ne4 Rf7 14. Bd2 Be6 15.
b3 Qd7 16. Bg5 h6 17. Bxe7 Qxe7 18. Qd2 Rd8 19. a3 a5 20. h3 b6 21. Qd3 Qd7 22.
g4 Rf4 23. Ng3 Ne7 24. Rad1 Rff8 25. Qe4 a4 26. Qc2 axb3 27. Qxb3 Rb8 28. Rb1
b5 29. Qd3 Bxc4 30. Qe4 Qd5 31. Qc2 Qe6 32. Ne4 Rfc8 33. f4 exf4 34. Rxf4 Nd5
35. Rf2 Ne3 36. Nf6+ Qxf6 0-1

[Event "Mechanics' Summer TNM; 30/90, SD/30"]
[Site "San Francisco"]
[Date "2009.06.25"]
[Round "5.27"]
[White "Frank, Robert"]
[Black "Chan, John"]
[Result "0-1"]
[WhiteElo "1297"]
[BlackElo "1622"]
[PlyCount "38"]
[EventDate "2009.??.??"]

1. d4 Nf6 2. Nf3 d5 3. e3 e6 4. Bd3 Nc6 5. Nbd2 a6 6. c3 Bd7 7. e4 g6 8. O-O
dxe4 9. Nxe4 Nxe4 10. Bxe4 Bg7 11. Bf4 f5 12. Bd3 Ne7 13. Ne5 Nd5 14. Bg3 O-O
15. Nxd7 Qxd7 16. Be5 Rad8 17. a4 Bxe5 18. Bxa6 Bxh2+ 19. Kxh2 Qd6+ 0-1

[Event "Mechanics' Winter TNM; 30/90, SD/30"]
[Site "San Francisco"]
[Date "2009.01.06"]
[Round "1.22"]
[White "Frank, Robert"]
[Black "Chirila, Sergiu"]
[Result "0-1"]
[WhiteElo "1247"]
[BlackElo "1734"]
[PlyCount "58"]
[EventDate "2009.??.??"]

1. d4 d5 2. Nf3 Nf6 3. e3 Bg4 4. c4 dxc4 5. Bxc4 e6 6. O-O a6 7. h3 Bh5 8. a4
Nc6 9. Bd2 e5 10. dxe5 Nxe5 11. Be2 Qd5 12. Nxe5 Bxe2 13. Qxe2 Qxe5 14. Bc3 Qe6
15. Nd2 Rd8 16. Qc4 Nd5 17. e4 Nxc3 18. Qxc3 Bd6 19. Qxg7 Be5 20. Qg4 Qxg4 21.
hxg4 Rxd2 22. Rac1 Rxb2 23. Rc4 c6 24. f4 Bc7 25. e5 Rg8 26. g5 h6 27. Rf3 hxg5
28. Rg3 Bb6+ 29. Kf1 Rh8 0-1

[Event "Mechanics' Fall TNM; 30/90, SD/30"]
[Site "San Francisco"]
[Date "2009.11.10"]
[Round "4.32"]
[White "Frank, Robert"]
[Black "Hilliard, Michael"]
[Result "0-1"]
[WhiteElo "1239"]
[BlackElo "1467"]
[PlyCount "68"]
[EventDate "2009.??.??"]

1. d4 d5 2. Nf3 Nf6 3. e3 e6 4. Bd3 c5 5. c3 Nc6 6. Nbd2 Be7 7. e4 cxd4 8. cxd4
Bb4 9. e5 Ne4 10. a3 Bxd2+ 11. Bxd2 Qb6 12. Bc3 Bd7 13. O-O O-O 14. Qc2 f5 15.
Rad1 Rac8 16. Qe2 Na5 17. Bxe4 fxe4 18. Ne1 Bb5 19. Qg4 Bxf1 20. Kxf1 Nc4 21.
Qe2 Rf7 22. Kg1 Rcf8 23. b4 Rxf2 24. Qxf2 Rxf2 25. Kxf2 Nxe5 26. h3 Qc7 27. Bb2
Nd3+ 28. Nxd3 Qc2+ 29. Ke1 exd3 30. Rd2 Qc4 31. Kf2 e5 32. dxe5 Qf4+ 33. Ke1
Qe3+ 34. Kd1 Qg1# 0-1

[Event "Mechanics' Summer TNM; 30/90, SD/30"]
[Site "San Francisco"]
[Date "2009.07.07"]
[Round "7.33"]
[White "Frank, Robert"]
[Black "Krawczyk, Steven"]
[Result "0-1"]
[WhiteElo "1297"]
[BlackElo "864"]
[PlyCount "92"]
[EventDate "2009.??.??"]

1. d4 d5 2. Nf3 Nc6 3. e3 Bf5 4. Bd3 Bg6 5. O-O a6 6. Nbd2 f6 7. e4 Nb4 8. Re1
c5 9. Nf1 c4 10. Bxc4 dxc4 11. c3 Nc6 12. Bf4 Bh5 13. Ng3 Bxf3 14. Qxf3 e5 15.
dxe5 fxe5 16. Be3 Nf6 17. Red1 Qc7 18. Bg5 Be7 19. Bxf6 Bxf6 20. Qf5 Qc8 21.
Qh5+ g6 22. Qf3 O-O 23. Qe3 Qe6 24. Qb6 Rab8 25. Rd5 Bd8 26. Qe3 b5 27. Rad1
Bb6 28. Qh6 Rbd8 29. Rxd8 Nxd8 30. Rf1 Qf7 31. Qd2 Nb7 32. Nh1 Nc5 33. Qe3 Qf4
34. Qxf4 Rxf4 35. Ng3 Nd3 36. Nh1 Rxe4 37. g3 Nxb2 38. Kg2 Nd3 39. Kf3 Re1 40.
Rxe1 Nxe1+ 41. Ke2 Nc2 42. Kd2 Na3 43. Kc1 Ba5 44. Kb2 b4 45. f3 bxc3+ 46. Kxa3
Bb4+ 0-1

[Event "Mechanics' Spring TNM; 30/90, SD/30"]
[Site "San Francisco"]
[Date "2009.03.24"]
[Round "2.25"]
[White "Frank, Robert"]
[Black "MacIntyre, Brendan"]
[Result "0-1"]
[WhiteElo "1296"]
[BlackElo "1642"]
[PlyCount "78"]
[EventDate "2009.??.??"]

1. d4 d5 2. Nf3 Nf6 3. e3 e6 4. Bd3 c5 5. c3 Bd6 6. Nbd2 Qc7 7. O-O O-O 8. e4
cxd4 9. cxd4 dxe4 10. Nxe4 Nxe4 11. Bxe4 Nd7 12. Bd2 Nf6 13. Re1 Nxe4 14. Rxe4
b6 15. Rc1 Qe7 16. Ng5 h6 17. Qh5 f6 18. Nf3 Qf7 19. Qxf7+ Kxf7 20. Rd1 Bb7 21.
Re3 Rac8 22. Bc3 Bf4 23. Ree1 Rfd8 24. Nd2 g5 25. g3 Bd6 26. Ne4 Be7 27. Rd3 h5
28. h4 gxh4 29. gxh4 Rg8+ 30. Rg3 Bd5 31. a4 Rg4 32. Rxg4 hxg4 33. Kh2 Rh8 34.
Kg3 f5 35. Ng5+ Bxg5 36. hxg5 Rh3+ 37. Kf4 Rf3+ 38. Ke5 Rxf2 39. Rh1 Bxh1 0-1

[Event "Mechanics' Summer TNM; 30/90, SD/30"]
[Site "San Francisco"]
[Date "2009.06.09"]
[Round "3.29"]
[White "Frank, Robert"]
[Black "Sherwood, Peter"]
[Result "0-1"]
[WhiteElo "1297"]
[BlackElo "1719"]
[PlyCount "88"]
[EventDate "2009.??.??"]

1. d4 d5 2. Nf3 Nf6 3. e3 e6 4. Bd3 Bd6 5. Nbd2 O-O 6. e4 dxe4 7. Nxe4 Nxe4 8.
Bxe4 Nc6 9. O-O Ne7 10. Re1 h6 11. c4 c6 12. c5 Bb8 13. b4 Nd5 14. Qb3 b6 15.
a4 Bb7 16. a5 Qc8 17. axb6 axb6 18. Rxa8 Bxa8 19. cxb6 Nxb6 20. b5 Nd5 21. Ba3
Rd8 22. Rc1 Qb7 23. Rxc6 Qd7 24. Ne5 Bxe5 25. Bxd5 exd5 26. dxe5 Bxc6 27. bxc6
Qxc6 28. f4 d4 29. Qd3 Qc3 30. Qg3 Qxg3 31. hxg3 d3 32. Bb4 d2 33. Bxd2 Rxd2
34. Kh2 Kf8 35. g4 Ke7 36. f5 Re2 37. Kh3 Rxe5 38. Kh4 Kf6 39. Kh5 Re2 40. Kh4
Rxg2 41. Kh3 Rg1 42. Kh4 Rh1+ 43. Kg3 Kg5 44. Kf3 Rh3+ 0-1

[Event "Mechanics' Winter TNM; 30/90, SD/30"]
[Site "San Francisco"]
[Date "2009.02.10"]
[Round "6.23"]
[White "Frank, Robert"]
[Black "Standen, Julian"]
[Result "0-1"]
[WhiteElo "1247"]
[BlackElo "1806"]
[PlyCount "74"]
[EventDate "2009.??.??"]

1. d4 d5 2. Nf3 Nf6 3. e3 a6 4. Bd3 Bg4 5. c4 Bxf3 6. Qxf3 e6 7. O-O c6 8. c5
g6 9. a4 Bg7 10. b4 O-O 11. Bb2 Nbd7 12. Nd2 Re8 13. e4 dxe4 14. Nxe4 Nxe4 15.
Bxe4 Nf6 16. Rad1 Nxe4 17. Qxe4 Qc7 18. f4 Rad8 19. Rf3 Rd5 20. Rdd3 Red8 21.
Qe2 Qd7 22. Qf2 Bxd4 23. Bxd4 Rxd4 24. Rxd4 Qxd4 25. f5 Qa1+ 26. Qf1 Qxf1+ 27.
Rxf1 exf5 28. Rf4 Re8 29. Kf2 Re4 30. Kf3 Rxf4+ 31. Kxf4 f6 32. h4 Kf7 33. h5
Ke6 34. g4 g5+ 35. Kf3 h6 36. Kg3 fxg4 37. Kxg4 f5+ 0-1

[Event "Mechanics' Winter TNM; 30/90, SD/30"]
[Site "San Francisco"]
[Date "2009.01.27"]
[Round "4.24"]
[White "Frank, Robert"]
[Black "Starr, Albert"]
[Result "1-0"]
[WhiteElo "1247"]
[BlackElo "1502"]
[PlyCount "55"]
[EventDate "2009.??.??"]

1. d4 f5 2. g3 Nf6 3. Bg2 c6 4. Nf3 e6 5. O-O Be7 6. c4 O-O 7. Nc3 d5 8. cxd5
Nxd5 9. Nxd5 exd5 10. Bf4 Nd7 11. a3 Nf6 12. Qc2 h6 13. h4 Be6 14. Bh3 Nh5 15.
Be5 Bd6 16. e3 g5 17. Bxd6 Qxd6 18. hxg5 hxg5 19. Nxg5 Nxg3 20. fxg3 Qxg3+ 21.
Qg2 Qxe3+ 22. Kh2 Kh8 23. Rae1 Qb3 24. Rxe6 Qb6 25. Rh6+ Kg7 26. Ne6+ Kxh6 27.
Qg7+ Kh5 28. Qg5# 1-0

[Event "Mechanics' Spring TNM; 30/90, SD/30"]
[Site "San Francisco"]
[Date "2009.05.05"]
[Round "8.6"]
[White "Fuentes, Romulo"]
[Black "Afkham-Ebrahimi, Payam"]
[Result "1-0"]
[WhiteElo "2083"]
[BlackElo "1836"]
[PlyCount "109"]
[EventDate "2009.??.??"]

1. e4 c6 2. d4 d5 3. e5 Bf5 4. Nc3 e6 5. g4 Bg6 6. Nge2 c5 7. h4 cxd4 8. Nxd4
h6 9. Bb5+ Nd7 10. f4 Bc5 11. Be3 Bxd4 12. Bxd4 Ne7 13. h5 Bh7 14. Qd2 Qc7 15.
O-O-O Nc6 16. Rhg1 O-O-O 17. Kb1 a6 18. Ba4 Kb8 19. Qf2 Rc8 20. Bxc6 Qxc6 21.
f5 Rc7 22. Rd2 Rhc8 23. Ne2 Qb5 24. a3 Rc4 25. Rg3 Nc5 26. Bxc5 R8xc5 27. Nd4
Qe8 28. Qe3 Rc7 29. Rf3 Qc8 30. c3 exf5 31. gxf5 Re7 32. Ka2 Qe8 33. Re2 f6 34.
e6 Qxh5 35. Qf4+ Rec7 36. Ree3 Qe8 37. Qd6 Qe7 38. Qxd5 R7c5 39. Qd7 Rc7 40.
Qxe7 Rxe7 41. b4 Rc8 42. Kb3 Kc7 43. Re4 Kd8 44. Rg3 Ke8 45. c4 Kf8 46. a4 Rd8
47. Rf4 Bg8 48. Kc3 Rc8 49. a5 Rec7 50. Nb3 Bh7 51. Nc5 Kg8 52. Rd3 g5 53. fxg6
Bxg6 54. Rd7 f5 55. Nxb7 1-0

[Event "Mechanics' Spring TNM; 30/90, SD/30"]
[Site "San Francisco"]
[Date "2009.03.24"]
[Round "2.18"]
[White "Fuentes, Romulo"]
[Black "Cheng, Andrew"]
[Result "1-0"]
[WhiteElo "2083"]
[BlackElo "1316"]
[PlyCount "35"]
[EventDate "2009.??.??"]

1. e4 e5 2. Nf3 Nc6 3. d4 exd4 4. Bc4 Bc5 5. Ng5 h6 6. Nxf7 Qe7 7. Nxh8 Qxe4+
8. Qe2 Qxe2+ 9. Kxe2 b6 10. Bxg8 Bb7 11. Bb3 O-O-O 12. Nf7 Re8+ 13. Kd1 Bb4 14.
c3 d3 15. Re1 Rxe1+ 16. Kxe1 Bc5 17. Be3 Bxe3 18. fxe3 1-0

[Event "Mechanics' Winter TNM; 30/90, SD/30"]
[Site "San Francisco"]
[Date "2009.01.27"]
[Round "4.11"]
[White "Fuentes, Romulo"]
[Black "Delgersaikhan, Amartuvshin"]
[Result "1-0"]
[WhiteElo "2082"]
[BlackElo "1627"]
[PlyCount "63"]
[EventDate "2009.??.??"]

1. e4 c5 2. Nf3 Nc6 3. d4 cxd4 4. Nxd4 Nf6 5. Nc3 d6 6. Bg5 Nxd4 7. Qxd4 e5 8.
Bb5+ Nd7 9. Qd2 Be7 10. Bxe7 Qxe7 11. O-O-O O-O 12. Qxd6 Qg5+ 13. Kb1 Nf6 14.
h4 Qf4 15. g3 Qxf2 16. Rdf1 Qd4 17. Rxf6 gxf6 18. Qxf6 Qb6 19. Qxe5 Qe6 20. Qd4
Qb6 21. Qe5 Qe6 22. Qg5+ Qg6 23. Qe3 Bg4 24. Nd5 Kg7 25. h5 Qh6 26. Rh4 Be6 27.
Qc3+ f6 28. Nc7 Kf7 29. Nxe6 Kxe6 30. Qc7 Rfd8 31. Bc4+ Rd5 32. Bxd5# 1-0

[Event "Mechanics' Fall TNM; 30/90, SD/30"]
[Site "San Francisco"]
[Date "2009.10.20"]
[Round "1.3"]
[White "Fuentes, Romulo"]
[Black "Dembling, Arthur"]
[Result "1-0"]
[WhiteElo "2163"]
[BlackElo "1729"]
[PlyCount "107"]
[EventDate "2009.??.??"]

1. e4 e6 2. d4 d5 3. Nc3 Nf6 4. e5 Nfd7 5. f4 c5 6. Nf3 Nc6 7. Be3 cxd4 8. Nxd4
Bc5 9. Qd2 O-O 10. O-O-O a6 11. h4 Nxd4 12. Bxd4 b5 13. h5 b4 14. Ne2 a5 15.
Kb1 Ba6 16. g4 Qb6 17. Bxc5 Nxc5 18. Ng3 Bxf1 19. Rdxf1 a4 20. Rf3 Rfd8 21. Qd4
Rab8 22. h6 b3 23. cxb3 axb3 24. a3 Ne4 25. Qxb6 Rxb6 26. Nxe4 dxe4 27. Re3 Rd4
28. hxg7 Kxg7 29. Rhe1 Rc4 30. Rxe4 Rc2 31. Rc1 Rg2 32. f5 Rb7 33. a4 Rd7 34.
Rb4 Rg3 35. Re1 Rd5 36. Rc4 Rd2 37. Rc3 Rxg4 38. Rxb3 Rxa4 39. Rg1+ Kf8 40. f6
Rad4 41. Rg7 Rd1+ 42. Ka2 h5 43. Rb8+ Rd8 44. Rh7 Kg8 45. Rxd8+ Rxd8 46. Rxh5
Rd5 47. b4 Rd3 48. Kb2 Re3 49. b5 Rd3 50. Rh4 Rd5 51. Rb4 Rxe5 52. b6 Rd5 53.
b7 Rd8 54. Rc4 1-0

[Event "Mechanics' Summer TNM; 30/90, SD/30"]
[Site "San Francisco"]
[Date "2009.05.26"]
[Round "1.5"]
[White "Fuentes, Romulo"]
[Black "Dembling, Arthur"]
[Result "1-0"]
[WhiteElo "2093"]
[BlackElo "1711"]
[PlyCount "107"]
[EventDate "2009.??.??"]

1. e4 e6 2. d4 d5 3. Nc3 Nf6 4. Bg5 Bb4 5. e5 h6 6. Bh4 g5 7. Bg3 Ne4 8. Nge2
Bd7 9. a3 Bxc3+ 10. Nxc3 Nxc3 11. bxc3 c5 12. h4 Qa5 13. Qd2 Rg8 14. hxg5 hxg5
15. Rh7 Nc6 16. dxc5 Qxc5 17. f3 Qe7 18. a4 O-O-O 19. a5 a6 20. Qe3 Rh8 21. Rg7
Rdg8 22. Rxg8+ Rxg8 23. Bf2 d4 24. cxd4 Nb4 25. Qc3+ Bc6 26. Rb1 Nd5 27. Qb3
Nc7 28. Qd3 Rh8 29. Bg3 Rh1 30. Kf2 Nd5 31. Qd2 Bb5 32. c4 Bxc4 33. Bxc4 Rxb1
34. Bxd5 exd5 35. Qc2+ Qc7 36. Qxb1 Qxa5 37. Qc1+ Kd7 38. Qxg5 Qa2+ 39. Kg1
Qa1+ 40. Kh2 Qxd4 41. Qf5+ Ke7 42. Qf6+ Kf8 43. Bh4 Kg8 44. f4 a5 45. Bg5 Qd1
46. Qd8+ Kh7 47. Qxa5 Qh5+ 48. Kg3 Qd1 49. Qb6 Qd3+ 50. Kh2 Kg8 51. Bh6 Qf5 52.
Qd8+ Kh7 53. Qg5 Qxg5 54. Bxg5 1-0

[Event "Mechanics' Winter TNM; 30/90, SD/30"]
[Site "San Francisco"]
[Date "2009.02.17"]
[Round "7.5"]
[White "Fuentes, Romulo"]
[Black "Drane, Robert"]
[Result "1-0"]
[WhiteElo "2082"]
[BlackElo "1857"]
[PlyCount "63"]
[EventDate "2009.??.??"]

1. e4 Nf6 2. e5 Nd5 3. Nc3 Nxc3 4. dxc3 d6 5. Bf4 Nc6 6. exd6 cxd6 7. Qd2 Bg4
8. f3 Be6 9. a3 g6 10. O-O-O h5 11. h4 Bg7 12. Nh3 Bxh3 13. Rxh3 Qa5 14. g4
hxg4 15. fxg4 Rc8 16. Bg2 b5 17. h5 gxh5 18. gxh5 Ne5 19. h6 Bf6 20. Bxe5 Bxe5
21. h7 Qa4 22. Kb1 a5 23. Bb7 Rc7 24. Bd5 b4 25. cxb4 axb4 26. Rh4 Qd7 27. Qxb4
Qf5 28. Be4 Qd7 29. Rg1 e6 30. Rg8+ Ke7 31. Qd2 Qb5 32. Qg5+ 1-0

[Event "Mechanics' Summer TNM; 30/90, SD/30"]
[Site "San Francisco"]
[Date "2009.06.25"]
[Round "5.4"]
[White "Fuentes, Romulo"]
[Black "Farzaneh-Far, Ramin"]
[Result "1-0"]
[WhiteElo "2093"]
[BlackElo "1921"]
[PlyCount "71"]
[EventDate "2009.??.??"]

1. e4 e6 2. d4 d5 3. Nc3 Nf6 4. Bg5 Be7 5. e5 Nfd7 6. Bxe7 Qxe7 7. f4 a6 8. Nf3
c5 9. dxc5 Nc6 10. Qd2 Qxc5 11. h4 f6 12. O-O-O fxe5 13. fxe5 O-O 14. Re1 b5
15. Bd3 b4 16. Na4 Qa5 17. b3 h6 18. Qe3 Rb8 19. Kb1 Nb6 20. Nb2 Bd7 21. Rh3
Ne7 22. Rg3 Kh8 23. Nd4 Qc5 24. Rxg7 Nf5 25. Bxf5 Kxg7 26. Nxe6+ Bxe6 27. Qxc5
Bxf5 28. Qxb4 Rfc8 29. Qe7+ Kg8 30. Nd3 Na4 31. e6 Bg6 32. Qf6 Kh7 33. h5 Bxh5
34. Rh1 Nc3+ 35. Ka1 Bg6 36. Qe7+ 1-0

[Event "Mechanics' Wilkerson Mem TNM; 30/90, SD"]
[Site "San Francisco"]
[Date "2009.08.25"]
[Round "4.1"]
[White "Fuentes, Romulo"]
[Black "Lee, Andy C"]
[Result "1/2-1/2"]
[WhiteElo "2121"]
[BlackElo "2278"]
[PlyCount "86"]
[EventDate "2009.??.??"]

1. e4 e6 2. d4 d5 3. Nc3 Nf6 4. Bg5 dxe4 5. Nxe4 Be7 6. Bxf6 gxf6 7. Qd3 a6 8.
g3 b5 9. Bg2 Ra7 10. Qe3 Nd7 11. Ne2 f5 12. Nc5 Bg5 13. f4 Be7 14. Nxd7 Bxd7
15. d5 Qb8 16. dxe6 fxe6 17. O-O-O c5 18. Bf3 h5 19. Rhe1 Kf7 20. Nc3 Bc8 21.
Rd2 Qc7 22. Rde2 Bf6 23. h3 Bd4 24. Qd3 h4 25. g4 Qxf4+ 26. Kb1 c4 27. Qd2 Qxd2
28. Rxd2 e5 29. gxf5 Bxf5 30. Ne4 Bxe4 31. Rxe4 c3 32. bxc3 Bxc3 33. Rd3 b4 34.
Kc1 a5 35. Rg4 Bd4 36. Bd5+ Ke8 37. Rf3 Re7 38. Rf6 Kd7 39. Ra6 Rf8 40. Rxa5
Bc3 41. Kd1 Rf2 42. Ra7+ Kd6 43. Rxe7 Kxe7 {Both scoresheets stop here. The
game was drawn in another twenty moves during serious mutual time pressure.}
1/2-1/2

[Event "Mechanics' Fall TNM; 30/90, SD/30"]
[Site "San Francisco"]
[Date "2009.11.03"]
[Round "3.3"]
[White "Fuentes, Romulo"]
[Black "Manvelyan, Hayk"]
[Result "1/2-1/2"]
[WhiteElo "2163"]
[BlackElo "2033"]
[PlyCount "72"]
[EventDate "2009.??.??"]

1. e4 e6 2. d4 d5 3. Nc3 Bb4 4. e5 b6 5. Qg4 Bf8 6. h4 Qd7 7. Nh3 Nc6 8. Be3
Bb7 9. h5 O-O-O 10. a3 f6 11. f4 Nh6 12. Qf3 Nf5 13. O-O-O fxe5 14. fxe5 Be7
15. Nf4 Rhf8 16. g3 Bg5 17. Rg1 Qf7 18. Bh3 Nce7 19. Kb1 Kb8 20. Bc1 Bxf4 21.
gxf4 Rc8 22. Ne2 c5 23. c3 Ba6 24. dxc5 bxc5 25. Ng3 Nxg3 26. Rxg3 Nf5 27. Rg4
h6 28. Rgg1 Bc4 29. Bf1 Bb3 30. Re1 Rcd8 31. Bd3 c4 32. Bxf5 Qxf5+ 33. Ka1 Rd7
34. Be3 Rb7 35. Re2 Bc2 36. Rh2 Be4 {
Scoresheets unreadable at this point - drawn at move 47.} 1/2-1/2

[Event "Mechanics' Fall TNM; 30/90, SD/30"]
[Site "San Francisco"]
[Date "2009.11.17"]
[Round "5.2"]
[White "Fuentes, Romulo"]
[Black "Margulis, Igor"]
[Result "1-0"]
[WhiteElo "2163"]
[BlackElo "2100"]
[PlyCount "55"]
[EventDate "2009.??.??"]

1. e4 d5 2. exd5 Qxd5 3. Nc3 Qa5 4. d4 Nf6 5. Nf3 Ne4 6. Bd2 Nxd2 7. Qxd2 e6 8.
Ne5 Bb4 9. Bd3 Nd7 10. Nc4 Bxc3 11. bxc3 Qh5 12. O-O O-O 13. Rae1 b6 14. Re3 f5
15. Rxe6 Bb7 16. f3 Rad8 17. Qe2 Nf6 18. Ne3 g6 19. Re7 Rde8 20. Bc4+ Kh8 21.
Nd1 Qg5 22. Qe5 Rxe7 23. Qxe7 Re8 24. Qxc7 Bxf3 25. Rxf3 Ng4 26. Qg3 Qd2 27.
Rf1 Nf6 28. Bd3 1-0

[Event "Mechanics' Spring TNM; 30/90, SD/30"]
[Site "San Francisco"]
[Date "2009.04.21"]
[Round "6.12"]
[White "Fuentes, Romulo"]
[Black "Oca, Homer"]
[Result "1-0"]
[WhiteElo "2083"]
[BlackElo "1753"]
[PlyCount "52"]
[EventDate "2009.??.??"]

1. e4 a6 2. Bc4 h6 3. Qh5 e6 4. Nc3 Nf6 5. Qf3 Nc6 6. Qg3 d6 7. Nge2 Ne5 8. Bb3
c5 9. d4 cxd4 10. Nxd4 Ng6 11. Be3 Bd7 12. Nxe6 Bxe6 13. Bxe6 Qe7 14. Bd5 Qc7
15. O-O Be7 16. Bb3 O-O 17. Qxg6 d5 18. Nxd5 Nxd5 19. Bxd5 Bf6 20. Bxh6 Kh8 21.
Qh5 Kg8 22. Qg4 Qxc2 23. h4 Bxb2 24. Rab1 Bd4 25. Rxb7 Rab8 26. Rxb8 Rxb8 {
remainder illegible} 1-0

[Event "Mechanics' Winter TNM; 30/90, SD/30"]
[Site "San Francisco"]
[Date "2009.02.03"]
[Round "5.7"]
[White "Fuentes, Romulo"]
[Black "Russell, Joe"]
[Result "1-0"]
[WhiteElo "2082"]
[BlackElo "1831"]
[PlyCount "45"]
[EventDate "2009.??.??"]

1. e4 e6 2. d4 d5 3. Nc3 Bb4 4. e5 c5 5. a3 Bxc3+ 6. bxc3 Ne7 7. Qg4 Qc7 8.
Qxg7 Rg8 9. Qxh7 cxd4 10. Ne2 Nbc6 11. f4 Bd7 12. Qd3 dxc3 13. Rg1 Rc8 14. g4
Qb6 15. Rg3 d4 16. h4 a6 17. h5 Kd8 18. Bg2 Kc7 19. Kf2 Kb8 20. a4 Qc5 21. Ba3
Qb6 22. a5 Nxa5 23. Bd6+ 1-0